000 00646nam a2200205Ia 4500
003 GCL
008 140319s9999 xx 000 0 ara d
040 _aGCL /
_cGCL
082 0 4 _a320.96
_bم ت
245 1 0 _aالتقرير الاستراتيجى الافريقى 2001 \ 2002
300 _a671 ص ؛
_c40 سم
650 0 4 _aالطاقة
650 0 4 _aالعنصرية
650 0 4 _aالحروب الاهلية
650 0 4 _aافريقيا - الاحوال الاقتصادية
650 0 4 _aافريقيا - الاحوال السياسية
650 0 4 _aافريقيا - العولمة
650 0 4 _aالكوميسيا
942 _2ddc
_cBK
999 _c5660
_d5660